000 00506nam a2200181Ia 4500
005 20250326124018.0
008 250326s9999 xx 000 0 und d
037 _aTextbook
040 _aFMSL
_beng
_cFMSL
041 _aeng
_2eng
084 _aX L3
_qFMSL
100 _aMishra R S
_9124519
245 0 _aEconomics of development: with sepecial reference to India
_cMishra R S
260 _aBombay
_bBombay, Somaiya
_c1973
300 _a337p
942 _cTB
_hX L3
999 _c1271889
_d1271889